|
|
|
|
| LEADER |
00000nab a2200000ua 4500 |
| 001 |
vtls010832328 |
| 003 |
SK-MaSNL |
| 005 |
20260304030047.0 |
| 008 |
250310s xo |||||||||||||||||slo| |
| 035 |
|
|
|a (urnnbn)urn:nbn:sk:snk:ar-a06kos
|
| 035 |
|
|
|a urn:nbn:sk:snk-ab5x0d
|
| 035 |
|
|
|a (uuid)20515bb7-2a8c-48ec-b7f8-c370a28d0da2
|
| 040 |
|
|
|a SNKBUCL
|b slo
|c SNKBUCL
|e AACR2
|
| 041 |
0 |
|
|a slo
|
| 044 |
|
|
|a xo
|c SK
|
| 100 |
1 |
|
|a Szépeová, Renata
|d 1962-
|4 aut
|9 200593
|
| 245 |
1 |
0 |
|a Vplyv výživy na zdravie dojčiat
|c R. Szépeová
|
| 773 |
0 |
|
|t Revue medicíny v praxi : odborný zdravotnícky časopis
|g Roč. 5, č. 5 (2007-2008), s. 11-14
|
| 958 |
|
|
|a OND
|
| 958 |
|
|
|a EUIPO
|
| 958 |
|
|
|a article5
|
| 999 |
|
|
|c 2631421
|d 2633351
|